| 000 | 00747 a2200205 4500 | ||
|---|---|---|---|
| 010 | _aENG-90196 | ||
| 020 |
_a978812033406 _c325.00 |
||
| 035 | _aEN-73729 | ||
| 037 | _bDBAD / PUB | ||
| 082 | 1 | 4 | _a620.00420285 |
| 090 |
_c12804 _d12804 |
||
| 100 | 1 | _aAlavala, Chennakesava R. | |
| 245 | 1 |
_aCAD / CAM : _cby Chennakesava R. Alavala _bconcepts and applications/ |
|
| 260 |
_aNew Delhi _bPrentice-Hall of India _c2008 |
||
| 270 |
_aM-97, Connaught Circus _bNew Delhi _cDelhi _e110001 |
||
| 300 |
_axxiii, 539p.: _c27 cm ( Pbk.) _bill. |
||
| 500 | _aIncludes bibliographical references & index. | ||
| 942 |
_adpl _cEN _k 620.00420285 / ALA |
||
| 999 |
_c12441 _d12441 |
||